Quiz o Tatrach - Statystyki

Ogólne statystyki
  • Ten quiz został rozwiązany 315 razy
    314 od ostatniego zresetowania
  • Średni wynik to 12 z 20
Statystyki odpowiedzi
Zagadnienie Odpowiedź % Poprawnych
Jaki jest najwyższy szczyt Tatr? Gerlach
96%
Jaki jest najwyższy szczyt polskich Tatr? Rysy
96%
Na jaki polski szczyt można wjechać gondolą? Kasprowy Wierch
93%
Na jakiej górze postawiony jest charakterystyczny, wysoki krzyż? Giewont
91%
Jak nazywa się jednostka ratownicza działająca na terenie polskich Tatr? TOPR
89%
Jaka jest największa dolina w Tatrach Polskich? Dolina Chochołowska
81%
Jakie jest najwyżej położone schronisko w Tatrach? Chata pod Rysami
79%
Jak nazywa się duży gryzoń z rodziny wiewiórkowatych, który żyje w Tatrach? Świstak
79%
Jaki jest najwyższy Tatrzański szczyt położony w całości na terenie Polski? Kozi Wierch
75%
Jaki jest najwyższy szczyt Tatr Zachodnich? Bystra
74%
Czy Morskie Oko jest największym Tatrzańskim jeziorem? Tak
74%
Jaki jest najwyższy szczyt Tatr Bielskich? Hawrań
70%
Jakie jest najgłębsze Tatrzańskie jezioro? Wielki Staw Polski
40%
Ile schronisk znajduje się łącznie w Tatrach? 25
39%
Jaki jest najwybitniejszy szczyt Polskich Tatr? Kominiarski Wierch
39%
Jaką powierzchnie ma polski Tatrzański Park Narodowy? 211,64 km²
37%
Jak dotąd, jaką prędkość miał najsilniejszy wiatr od czasu pomiarów w Tatrach? 288km/h
33%
Ile w Tatrach Polskich znajduje się jaskiń? 857
32%
Jaki jest najwyższy wodospad w Tatrach? Ciężka Siklawa
12%
Jaka jest najdłuższa jaskinia w Tatrach? Cień Księżyca
9%
Nie znaleziono quizów pasujących do podanych kryteriów
Rozkład punktacji
Procent ludzi z każdym wynikiem
Percentyl według liczby udzielonych odpowiedzi
Twoja historia wyników
Nie rozwiązałeś tego quizu od ostatniego zresetowania